LEADER 01368nam a2200277 i 4500 001 000000245910 003 CaOOAMICUS 005 20151020000000.0 008 151020s1932 it u000 u ita u 013 $a224815 040 $aSeMil$bita 100 1 $aMartindale, Cyril Charles,$c.$0(OLS)http://semarc/name/3698 245 10$aNell'Esercito di Dio :$bI Capitani : S. Francesco Borgia, S. Francesco Regis, S. Pietro Claver /$cC.C. Martindale ; Traduzione dall'Inglese di C. Albini Petrucci. 260 $aBrescia :$bMorcelliana,$c1932. 300 $aXI, 221 p. :$b[1] ritratto ;$c20 cm. 500 $aFondo card. Giovanni Colombo. 600 14$aRégis, Giovanni Francesco .$0(OLS)http://semarc/subject/25701 600 14$aBorgia, Francesco .$0(OLS)http://semarc/subject/11928 650 4$aPietro : Claver .$0(OLS)http://semarc/subject/16645 700 1 $aAlbini Petrucci, C.$0(OLS)http://semarc/name/53877 850 $aSeMil 852 $aSeMil$W1$xVenegono$y1$m3GC II 461$j196256$B196256$CSeMilBibl$Z2$F207066 $8B 941 1 $a3 961 $aLascito: Colombo Card. Giovanni 996 $6245$aNell'Esercito di Dio :$bI Capitani : S. Francesco Borgia, S. Francesco Regis, S. Pietro Claver$9(OLS)http://semarc/title/191898 996 $6260$aBrescia :$bMorcelliana$9(OLS)http://semarc/publisher/29629 LEADER 01137nam a2200253 i 4500 001 000000000944 003 CaOOAMICUS 005 20220311155158.0 008 180830s1996 it u000 u ita u 040 $aSeMil$bita 100 1 $aGahiz, 'Amr ibn Bahr al- <776-868>.$0(OLS)http://semarc/name/811 240 10$aKitab al-Tag.$0(OLS)http://semarc/title/1491 245 13$aIl principe musulmano /$cGahiz ; traduzione, introduzione e note di Ersilia Francesca ; presentazione di Sergio Noja Noseda. 264 1$aGenova :$bMarietti,$c1996. 300 $av. ;$c24 cm. 490 1 $aCorpus arabo islamico 650 4$aLetteratura araba - Sec. 8.-9.$0(OLS)http://semarc/subject/309 700 1 $aNoja Noseda, Sergio,$d<1931-2008>.$0(OLS)http://semarc/name/813 700 1 $aFrancesca, Ersilia.$0(OLS)http://semarc/name/812 774 0 $tTomo 1.$dGenova : Marietti, 1996.$z88-211-7858-7$w()59149 830 0$aCorpus arabo islamico.$0(OLS)http://semarc/title/7966 996 $6245$aIl principe musulmano$9(OLS)http://semarc/title/1490 996 $6264$aGenova :$bMarietti$9(OLS)http://semarc/publisher/29997